| 000 | 01220cam a2200325 a 4500 | ||
|---|---|---|---|
| 003 | CHAP | ||
| 005 | 20220329142042.0 | ||
| 008 | 990429s1998 mx o00110 spa d | ||
| 010 | _a77648 | ||
| 011 | _a78620 | ||
| 035 | _a88635 | ||
| 040 | _cCHAP | ||
| 082 |
_a607 _bP76 Dgo. |
||
| 110 | 2 |
_aPrograma Elemental de Asistencia Técnica. México _992318 |
|
| 245 | 0 |
_aEvaluación del programa en el estado de : _bDurango PEAT-97 _c/coord. por Universidad Autónoma Agraria Antonio Narro |
|
| 260 |
_aMéxico, D.F. : _bInstituto Nacional de Capacitación del Sector Agropecuario, A.C., _c[1998?] |
||
| 300 | _a106 p. | ||
| 590 |
_aBATCH-UPD _b10 _c20130110 _lUCH01 _h1156 |
||
| 590 |
_aBATCH-UPD _b10 _c20130410 _lUCH01 _h0739 |
||
| 590 |
_aBATCH-UPD _b10 _c20130914 _lUCH01 _h0050 |
||
| 590 |
_aCONVERSION _b10 _c20130109 _lUCH01 _h1343 |
||
| 650 | 1 | 4 |
_aAgricultura _xDurango. _91407 |
| 650 | 1 | 4 |
_aAyuda técnica. _99035 |
| 650 | 1 | 4 |
_aProgramas de capacitación _xEvaluación. _992377 |
| 710 | 0 |
_aUniversidad Autónoma Agraria Antonio Narro. Saltillo, Coah. _9116288 |
|
| 901 | _aBK | ||
| 905 | _aLilia Sánchez G. | ||
| 942 | _cLIBRO | ||
| 949 |
_a607 P76 Dgo. _bBC _cLIBRO _d33724000722492 _eLIBRO _h95137 _i88635 _kDonaciØn _sb |
||
| 999 |
_c77648 _d77648 |
||